000 00601nam a2200229Ia 4500
003 BUBTL
008 151213s9999 xx 000 0 und d
020 _a0-02-426590-x
082 _a658.8
_bWEM
100 _aJ. H,. Westing
245 _aModern Marketing Thought
_cJ. H,. Westing
250 _a3rd
260 _aNew York
_bMacmillan
_c1975
300 _a[xiii], 525p. :
_bill, 24cm.
_cMarketing.
500 _aIncludes Index.
650 _aMarketing
650 _aMarketing
700 _aJ. H,. Westing
856 _k0
_l0
_yDownload
942 _2ddc
_cBK
999 _c1800
_d1800